| 000 | 00615nam a2200157Ia 4500 | ||
|---|---|---|---|
| 008 | 151213s9999 xx 000 0 und d | ||
| 020 | _a984-31-14116 | ||
| 100 | _aড. বদিউজ্জামান | ||
| 245 |
_aধর্মনিরপেক্ষতা বৈরী বিশ্বাসের বন্ধনে। _cড. বদিউজ্জামান |
||
| 260 |
_aঢাকা _bবাংলাদেশ শিক্ষা কেন্দ্র। _c2002 |
||
| 300 | _a8455 p. | ||
| 650 | _aBangla | ||
| 650 | _aBengali Literature | ||
| 700 | _aড. বদিউজ্জামান | ||
| 999 |
_c4293 _d4293 |
||